header

Southeastern ceremonial complex (Record no. 240597)

MARC details
000 -LEADER
fixed length control field 02726nam a22003854a 4500
245 00 - TITLE STATEMENT
Title Southeastern ceremonial complex
260 ## - PUBLICATION, DISTRIBUTION, ETC. (IMPRINT)
Place of publication Tuscaloosa, [Ala.] :
Name of publisher University of Alabama Press,
Year of publication c2007.
300 ## - PHYSICAL DESCRIPTION
Number of Pages xiv, 305 p. :
Other physical details ill., maps.
500 ## - GENERAL NOTE
General note "A Dan Josselyn Memorial publication"--P. [ii].
505 0# - FORMATTED CONTENTS NOTE
Formatted contents note The southeastern ceremonial complex : from cult to complex / Adam King -- Prolegomena for the analysis of the southeastern ceremonial complex / Jon Muller -- Chronological implications of the bellows-shaped apron / James A. Brown -- Mound 34 : the context for the early evidence of the southeastern ceremonial complex at Cahokia / John E. Kelly ... [et al.] -- Shell gorgets, time, and the southeastern ceremonial complex in southeastern Tennessee / Lynne P. Sullivan -- Mound C and the southeastern ceremonial complex in the history of the Etowah site / Adam King -- Connections between the Etowah and Lake Jackson chiefdoms : patterns in the iconographic and material evidence / John F. Scarry -- An assessment of Moundville engraved "cult" designs from potsherds / Vernon James Knight, Jr. -- Hightower anthropomorphic marine shell gorgets and Duck River sword-form flint bifaces : middle Mississippian ritual regalia in the southern Appalachians / Shawn Marceaux and David H. Dye -- Mississippian shell gorgets in regional perspective / David J. Hally -- Sex and the southern cult / Susan M. Alt and Timothy R. Pauketat -- Whither SECC? / Adam King.
650 #0 - SUBJECT ADDED ENTRY--TOPICAL TERM
Topical Term Mississippian culture.
Topical Term Indians of North America
Topical Term Indians of North America
700 1# - ADDED ENTRY--PERSONAL NAME
Personal name King, Adam,
856 40 - ELECTRONIC LOCATION AND ACCESS
Uniform Resource Identifier http://site.ebrary.com/lib/rucke/Doc?id=10218373

No items available.

© 2026 Rongo University
Contact us: librarian | system librarian | Rongo university